| 000 | 00695cam a2200217 a 4500 | ||
|---|---|---|---|
| 020 | _a0521582571 | ||
| 020 | _a0521587824 (pbk.) | ||
| 040 | _cDLC | ||
| 082 | 0 | 0 | _a330 CAM 1998 A011 Or. |
| 100 | 1 | _aMaddala, G. S. | |
| 245 | 1 | 0 | _aUnit roots, cointegration, and structural change / |
| 260 |
_aCambridge [England] ; _aNew York : _bCambridge University Press, _c1998. |
||
| 300 |
_axviii, 505 p. : _bill. ; _c24 cm. |
||
| 650 | 0 | _aEconometrics. | |
| 650 | 0 | _aTime-series analysis. | |
| 650 | 0 | _aCointegration. | |
| 700 | 1 | _aKim, In-Moo. | |
| 856 | 4 | 2 | _uhttp://www.loc.gov/catdir/description/cam029/98017325.html |
| 856 | 4 | 1 | _uhttp://www.loc.gov/catdir/toc/cam022/98017325.html |
| 942 | _cEK | ||
| 999 |
_c13639 _d13639 |
||